000 00433cam a2200145 4500500
005 20251012032555.0
041 _afre
042 _adc
100 1 0 _aChassignet, Jean-Baptiste
_eauthor
245 0 0 _aEst-il rien de plus vain
260 _c2005.
500 _a2
786 0 _nSigila | 15 | 1 | 2005-06-20 | p. 221-221 | 1286-1715
856 4 1 _uhttps://shs.cairn.info/revue-sigila-2005-1-page-221?lang=fr&redirect-ssocas=7080
999 _c1547728
_d1547728